Contribución al "Corpus" de códices visigóticos / (Record no. 104327)

MARC details
000 -LEADER
campo de control de longitud fija 00724nam a2200217 i 4500
001 - NÚMERO DE CONTROL
campo de control 104327
003 - IDENTIFICADOR DE NÚMERO DE CONTROL
campo de control ES-MaACL
005 - FECHA Y HORA DE LA ÚLTIMA TRANSACCIÓN
campo de control 20250812090420.0
007 - CAMPO FIJO DE DESCRIPCIÓN FÍSICA--INFORMACIÓN GENERAL
campo de control de longitud fija t|
008 - DATOS DE LONGITUD FIJA--INFORMACIÓN GENERAL
campo de control de longitud fija 051128s1928 sp ||||1| spa d
100 1# - ENTRADA PRINCIPAL--NOMBRE DE PERSONA
Nombre de persona Millares Carlo, Agustín,
Fechas asociadas al nombre 1893-1980
9 (RLIN) 81176
245 10 - MENCIÓN DEL TÍTULO
Título Contribución al "Corpus" de códices visigóticos /
Mención de responsabilidad, etc. Agustín Millares Carlo.
260 ## - PUBLICACIÓN, DISTRIBUCIÓN, ETC.
Lugar de publicación, distribución, etc. Madrid :
Nombre del editor, distribuidor, etc. [s.n.],
Fecha de publicación, distribución, etc. 1928 (
Fabricante Imp. Municipal)
300 ## - DESCRIPCIÓN FÍSICA
Extensión 27 p. ;
Dimensiones 24 cm.
595 ## -
-- Tirada aparte de: Revista de la biblioteca, archivo y museo
650 #7 - PUNTO DE ACCESO ADICIONAL DE MATERIA--TÉRMINO DE MATERIA
Término de materia o nombre geográfico como elemento de entrada Manuscritos visigóticos
Fuente del encabezamiento o término embne
9 (RLIN) 153394
650 #4 - PUNTO DE ACCESO ADICIONAL DE MATERIA--TÉRMINO DE MATERIA
Término de materia o nombre geográfico como elemento de entrada Escritura visigótica.
9 (RLIN) 153395
852 4# - LOCALIZACIÓN
Ubicación ES-MaACL
Número de control de estantería 1719-F-5
852 4# - LOCALIZACIÓN
Ubicación ES-MaACL
Número de control de estantería 1721-F-2
Holdings
Estatus retirado Estado de pérdida Estado de daño No para préstamo Colección Biblioteca de origen Biblioteca actual Ubicación en estantería Fecha de adquisición Fuente de adquisición Total de préstamos Signatura topográfica completa Código de barras Visto por última vez Precio de reemplazo Tipo de ítem Koha
        Colección de folletos Biblioteca del Ateneo de Madrid Biblioteca del Ateneo de Madrid Depósito folletos 17/01/2008     1721-F-2 1108927 23/02/2023 23/02/2023 Folleto
        Colección de folletos Biblioteca del Ateneo de Madrid Biblioteca del Ateneo de Madrid Depósito folletos 17/01/2008     1719-F-5 1108926 23/02/2023 23/02/2023 Folleto